Чорна хмара над Україною (Запис № 401505)
[ простий вигляд ]
| 000 -LEADER | |
|---|---|
| fixed length control field | 00864nam a22002657a 4500 |
| 001 - CONTROL NUMBER | |
| control field | 115364 |
| 003 - CONTROL NUMBER IDENTIFIER | |
| control field | UA-OsUOA |
| 005 - DATE AND TIME OF LATEST TRANSACTION | |
| control field | 20201130193437.0 |
| 007 - PHYSICAL DESCRIPTION FIXED FIELD--GENERAL INFORMATION | |
| fixed length control field | ta |
| 008 - FIXED-LENGTH DATA ELEMENTS--GENERAL INFORMATION | |
| fixed length control field | 20151221b un ||||| |||| 00| 0 ukr d |
| 020 ## - INTERNATIONAL STANDARD BOOK NUMBER | |
| International Standard Book Number | 978-966-395-607-7 |
| 040 ## - CATALOGING SOURCE | |
| Original cataloging agency | UA-OsUOA |
| Language of cataloging | ukr |
| Transcribing agency | UA-OsUOA |
| Modifying agency | UA-OsUOA |
| 041 ## - LANGUAGE CODE | |
| Language code of text/sound track or separate title | ukr |
| 080 ## - UNIVERSAL DECIMAL CLASSIFICATION NUMBER | |
| Universal Decimal Classification number | 94(477)"1937/1938" |
| 090 ## - LOCALLY ASSIGNED LC-TYPE CALL NUMBER (OCLC); LOCAL CALL NUMBER (OCLC) | |
| Classification number (OCLC) (R) ; Classification number, CALL (RLIN) (NR) | 94(477)"1937/1938" |
| Local cutter number (OCLC) ; Book number/undivided call number, CALL (RLIN) | Х65 |
| 100 ## - MAIN ENTRY--PERSONAL NAME | |
| Personal name | Хмельковський Л. |
| 245 ## - TITLE STATEMENT | |
| Title | Чорна хмара над Україною |
| Remainder of title | до 75-річчя Великого терору в Україні |
| 260 ## - PUBLICATION, DISTRIBUTION, ETC. (IMPRINT) | |
| Place of publication, distribution, etc | Львів |
| Name of publisher, distributor, etc | Свічадо |
| Date of publication, distribution, etc | 2012 |
| 300 ## - PHYSICAL DESCRIPTION | |
| Extent | 40 с. |
| 591 ## - Дарувальник | |
| Назва організації | Пасічник І. Д. |
| 650 #7 - SUBJECT ADDED ENTRY--TOPICAL TERM | |
| Topical term or geographic name as entry element | 9 Географія. Біографії. Історія |
| Source of heading or term | UDC |
| 942 ## - ADDED ENTRY ELEMENTS (KOHA) | |
| Koha item type | Книги |
| Source of classification or shelving scheme | Universal Decimal Classification |
| 955 ## - COPY-LEVEL INFORMATION (RLIN) | |
| Classification number, CCAL (RLIN) | Наукові видання |
| Withdrawn status | Lost status | Source of classification or shelving scheme | Damaged status | Not for loan | Collection code | Home library | Current library | Date acquired | Source of acquisition | Cost, normal purchase price | Inventory number | Total Checkouts | Barcode | Date last seen | Price effective from | Koha item type |
|---|---|---|---|---|---|---|---|---|---|---|---|---|---|---|---|---|
| Universal Decimal Classification | Колекція Пасічника І.Д. | ЧЗ - Читальна зала | ЧЗ - Читальна зала | 21/12/2015 | 54/2015 | 10.00 | 150146 | 150146 | 07/02/2022 | 21/12/2015 | Книги | |||||
| Universal Decimal Classification | Колекція Пасічника І.Д. | ЧЗ - Читальна зала | ЧЗ - Читальна зала | 22/12/2015 | 54/2015 | 10.00 | 150178 | 150178 | 07/02/2022 | 21/12/2015 | Книги |